000 00548nam a2200193Ia 4500
008 090201s9999 xx 000 0 und d
010 _aKPL-71674
020 _a81-86926-92-5
040 _bमराठी
041 _aमराठी
082 _a51765
_b71674
100 _aमाधवी देसाई
245 _aदेवराई
_cमाधवी देसाई
250 _a1
260 _c2006
_bदिलीप प्रकाशन
300 _a168
_bमध्यम
600 _aदेवराई
942 _cBOOK
999 _c248228
_d248228